2020-21 Tottenham Hotspur Squad - Statistics

General Stats
  • This quiz has been taken 50 times
  • The average score is 22 of 30
Answer Stats
Squad Number Position Nationality Player % Correct
1 GK French Hugo Lloris
100%
10 ST English Harry Kane
98%
7 LW South Koren Son Heung-Min
98%
9 RW Welsh Gareth Bale
96%
33 LB Welsh Ben Davies
91%
6 CB Colombian Davinson Sánchez
91%
27 RW Brazilian Lucas Moura
91%
15 CB English Eric Dier
87%
24 RB Ivorian Serge Aurier
85%
3 LB Spanish Sergio Reguilón
85%
4 CB Belgian Tobi Alderweireld
85%
11 RW Argentine Eric Lamela
83%
2 RB Irish Matt Doherty
83%
5 DM Danish Pierre-Emile Højbjerg
83%
18 CM Argentine Giovani Lo Celso
80%
17 CM French Moussa Sissoko
80%
23 LW Dutch Steven Bergwijn
80%
8 CM English Harry Winks
78%
- Manager Portuguese José Mourinho
78%
28 CM French Tanguy Ndombele
78%
20 AM English Dele Alli
74%
22 GK Argentine Paulo Gazzaniga
67%
12 GK English Joe Hart
63%
30 CM Portuguese Gedson Fernandes
50%
14 CB Welsh Joe Rodon
50%
25 CB English Japhret Tanganga
43%
45 CF Brazilian Carlos Vinícius
41%
- LB English Danny Rose
39%
41 GK English Alfie Whiteman
24%
47 RW English Jack Clarke
17%
No matching quizzes found
Score Distribution
Percent of People with Each Score
Percentile by Number Answered
Your Score History
You have not taken this quiz